Patterns of culture / (Record no. 127189)

MARC details
000 -LEADER
fixed length control field 00660nam a22002297a 4500
005 - DATE AND TIME OF LATEST TRANSACTION
control field 20170124110021.0
010 ## - LIBRARY OF CONGRESS CONTROL NUMBER
LC control number 144752
020 ## - INTERNATIONAL STANDARD BOOK NUMBER
Terms of availability 00.00
035 ## - SYSTEM CONTROL NUMBER
System control number 144752
037 ## - SOURCE OF ACQUISITION
Source of stock number/acquisition Cen Lib/Ret
040 ## - CATALOGING SOURCE
Original cataloging agency DPL
Language of cataloging EN
082 ## - DEWEY DECIMAL CLASSIFICATION NUMBER
Classification number 572.7
Item number BEN
100 ## - MAIN ENTRY--PERSONAL NAME
Personal name Benedict, Ruth
9 (RLIN) 19719
245 ## - TITLE STATEMENT
Title Patterns of culture /
Statement of responsibility, etc by Ruth Benedict
260 ## - PUBLICATION, DISTRIBUTION, ETC. (IMPRINT)
Place of publication, distribution, etc London
Name of publisher, distributor, etc Routledge and Kegan Paul
Date of publication, distribution, etc 1935
270 ## - ADDRESS
City London
Address Broadway House, Creater Lane
300 ## - PHYSICAL DESCRIPTION
Extent xi,211p.
Dimensions 20cm(Hb)
500 ## - GENERAL NOTE
General note Includes bibliographical references and index<br/>
650 ## - SUBJECT ADDED ENTRY--TOPICAL TERM
Topical term or geographic name as entry element Culture
9 (RLIN) 19720
650 ## - SUBJECT ADDED ENTRY--TOPICAL TERM
Topical term or geographic name as entry element Ethnopsychology
9 (RLIN) 19721
942 ## - ADDED ENTRY ELEMENTS (KOHA)
Source of classification or shelving scheme Dewey Decimal Classification
Koha item type English Books
Classification part 572.7
Call number suffix BEN
Holdings
Withdrawn status Lost status Damaged status Not for loan Home library Current library Date acquired Source of acquisition Cost, normal purchase price Total Checkouts Full call number Barcode Date last seen Copy number Cost, replacement price Price effective from Koha item type Public note
Written off       Central Library Central Library 27/06/2015 Cen Lib/Ret 0.00   572.7 BEN 144752 27/06/2015 1 0.00 27/06/2015 English Books Written off on approval by DLB (By Circulation); dtd 15-06-2023

© Delhi Public Library
Hit Counter
free hit counter